[Event "Llinars del Valles op-B 10th"]
[Site "Llinars del Valles"]
[Date "2016.04.09"]
[Round "2"]
[White "Gonzalez Rodriguez, Damian"]
[Black "Parra Ordorica, Gorka"]
[Result "1-0"]
[WhiteElo "1687"]
[BlackElo "1271"]
[PlyCount "41"]
[EventDate "2016.04.02"]
[EventType "swiss"]
[EventRounds "9"]
[EventCountry "ESP"]
[SourceTitle "CBM 172 Extra"]
[Source "ChessBase"]
[SourceDate "2016.06.21"]
[SourceVersion "1"]
[SourceVersionDate "2016.06.21"]
[SourceQuality "1"]

1. d4 Nf6 2. c4 e6 3. Nc3 Bb4 4. a3 Bxc3+ 5. bxc3 c5 6. Qc2 b6 7. Bg5 d5 8. e3 Nc6 9. Nf3 0-0 10. Bd3 h6 11. Bh4 Bb7 12. 0-0 Qe7 13. Ne5 Na5 14. cxd5 exd5 15. Bxf6 gxf6 16. Nf3 Kh8 17. Nh4 c4 18. Bf5 Nb3 19. Qe2 Bc8 20. Qh5 Kg7 21. Bxc8 1-0

[Event "Llinars del Valles op-A 8th"]
[Site "Llinars del Valles"]
[Date "2014.05.17"]
[Round "4"]
[White "Vilanova Guardiola, Josep Maria"]
[Black "Gonzalez Rodriguez, Damian"]
[Result "1-0"]
[WhiteElo "1830"]
[BlackElo "1722"]
[PlyCount "49"]
[EventDate "2014.04.26"]
[EventType "swiss"]
[EventRounds "8"]
[EventCountry "ESP"]
[SourceTitle "EXT 2015"]
[Source "ChessBase"]
[SourceDate "2014.11.20"]
[SourceVersion "1"]
[SourceVersionDate "2014.11.20"]
[SourceQuality "1"]

1. d4 Nf6 2. c4 e6 3. Nc3 d5 4. Bg5 Nbd7 5. e3 c6 6. Nf3 Bb4 7. Bxf6 Nxf6 8. Nd2 Qa5 9. Qc2 0-0 10. Bd3 dxc4 11. Nxc4 Qh5 12. Ne5 Nd5 13. g4 Qh4 14. 0-0-0 g6 15. h3 Qe7 16. h4 Bd7 17. h5 Bd6 18. hxg6 hxg6 19. Nxd7 Nb4 20. Qe2 Nxd3+ 21. Rxd3 Qxd7 22. Ne4 Be7 23. f4 Qd5 24. Qh2 Qc4+ 25. Rc3 1-0

[Event "Catalunya-ch U18 qual"]
[Site "Catalunya"]
[Date "2014.02.08"]
[Round "3.2"]
[White "Lafuente Calvillo, Andrea"]
[Black "Gonzalez Rodriguez, Damian"]
[Result "0-1"]
[WhiteElo "2052"]
[BlackElo "1972"]
[PlyCount "126"]
[EventDate "2014.01.25"]
[EventType "swiss"]
[EventRounds "5"]
[EventCountry "ESP"]
[SourceTitle "EXT 2024"]
[Source "ChessBase"]
[SourceDate "2023.10.10"]
[SourceVersion "1"]
[SourceVersionDate "2023.10.10"]
[SourceQuality "1"]

1. e4 e5 2. Nf3 Nc6 3. d4 exd4 4. Bc4 d6 5. c3 Ne5 6. Nxe5 dxe5 7. Qh5 Qe7 8. Bg5 Nf6 9. Qf3 Be6 10. Bb5+ c6 11. Ba4 0-0-0 12. 0-0 h6 13. Bxf6 Qxf6 14. Qg3 Bc5 15. Nd2 dxc3 16. Qxc3 Bd4 17. Qc2 Qg6 18. Kh1 Rd6 19. Rac1 f5 20. b4 Kb8 21. Rcd1 Rf8 22. f3 Be3 23. Rfe1 Qg5 24. Nc4 Rxd1 25. Rxd1 Bd4 26. Na5 fxe4 27. Qxe4 Bd5 28. Qe2 Rf4 29. Bb3 e4 30. Bxd5 Qxd5 31. fxe4 Qxe4 32. Qxe4 Rxe4 33. Nb3 Bf6 34. a3 Kc7 35. Nc5 Re7 36. h3 b6 37. Nd3 Re2 38. Nf4 Ra2 39. Ne6+ Kc8 40. Rc1 Ra1 41. Rxa1 Bxa1 42. Kg1 Kd7 43. Nf4 Bb2 44. a4 b5 45. a5 a6 46. Nd3 Bd4+ 47. Kf1 Kd6 48. Ke2 Bc3 49. Kd1 Kd5 50. Kc2 Kc4 51. Nc5 Bxb4 52. Nxa6 Bxa5 53. Nb8 Kd5 54. Nd7 Kd4 55. Nb8 Kd5 56. Nd7 c5 57. Nf8 Kc4 58. Ne6 Bc3 59. Nxc5 Kxc5 60. Kxc3 b4+ 61. Kb3 h5 62. g3 g5 63. h4 g4 0-1

[Event "Mataro op 10th"]
[Site "Mataro"]
[Date "2013.11.16"]
[Round "7"]
[White "Gonzalez Rodriguez, Damian"]
[Black "Minguell Soler, Joan"]
[Result "1/2-1/2"]
[WhiteElo "1901"]
[BlackElo "1949"]
[PlyCount "83"]
[EventDate "2013.09.28"]
[EventType "swiss"]
[EventRounds "9"]
[EventCountry "ESP"]
[SourceTitle "EXT 2016"]
[Source "ChessBase"]
[SourceDate "2015.10.08"]
[SourceVersion "1"]
[SourceVersionDate "2015.10.08"]
[SourceQuality "1"]

1. e4 e6 2. d4 d5 3. exd5 exd5 4. Nf3 Bd6 5. Be2 Nc6 6. 0-0 Bf5 7. Re1 Nge7 8. c3 Qd7 9. Nbd2 0-0 10. a3 Ng6 11. c4 dxc4 12. Nxc4 Rad8 13. Nxd6 Qxd6 14. Be3 Nf4 15. Bb5 Nd5 16. Bxc6 Qxc6 17. Ne5 Qb6 18. Qf3 Bg6 19. Nxg6 Qxg6 20. Rac1 c6 21. Re2 Rfe8 22. Rce1 Re6 23. h4 h6 24. Bf4 Rf6 25. Re4 Qf5 26. g4 Qd7 27. g5 hxg5 28. hxg5 Rf5 29. Qg3 Nxf4 30. Rxf4 Qd5 31. Rxf5 Qxf5 32. Qe5 Qg4+ 33. Kf1 Rxd4 34. Qe8+ Kh7 35. Qxf7 Qxg5 36. Qxb7 Rg4 37. Qc7 Qb5+ 38. Re2 Re4 39. Qh2+ Kg8 40. f3 Re7 41. Ke1 Rxe2+ 42. Qxe2 1/2-1/2

[Event "Llinars del Valles op-B 7th"]
[Site "Llinars del Valles"]
[Date "2013.04.13"]
[Round "1"]
[White "Gonzalez Rodriguez, Damian"]
[Black "Peinado Segovia, Rafael"]
[Result "1-0"]
[WhiteElo "1703"]
[BlackElo "1392"]
[PlyCount "53"]
[EventDate "2013.04.13"]
[EventType "swiss"]
[EventRounds "7"]
[EventCountry "ESP"]
[SourceTitle "CBM 154 Extra"]
[Source "ChessBase"]
[SourceDate "2013.06.25"]
[SourceVersion "2"]
[SourceVersionDate "2013.06.25"]
[SourceQuality "1"]

1. e4 e6 2. Nf3 c5 3. d4 d5 4. Nc3 Nc6 5. dxc5 d4 6. Na4 Qa5+ 7. c3 Bxc5 8. b4 Bxb4 9. cxb4 Qxb4+ 10. Bd2 Qd6 11. Rc1 Nf6 12. Bd3 0-0 13. 0-0 e5 14. Nh4 Be6 15. Nc5 Bc8 16. f4 a5 17. Nf5 Qc7 18. fxe5 Qxe5 19. Bf4 Qe8 20. Bd6 b6 21. Bxf8 Qxf8 22. Na4 Bxf5 23. Rxf5 Ne7 24. Nxb6 Nxf5 25. Nxa8 Qxa8 26. exf5 Qd8 27. Ba6 1-0

[Event "Llinars del Valles op-B 6th"]
[Site "Llinars del Valles"]
[Date "2012.05.19"]
[Round "6"]
[White "Gonzalez Rodriguez, Damian"]
[Black "Farell Duran, Josep"]
[Result "0-1"]
[WhiteElo "1741"]
[BlackElo "1562"]
[PlyCount "108"]
[EventDate "2012.04.14"]
[EventType "swiss"]
[EventRounds "9"]
[EventCountry "ESP"]
[SourceTitle "EXT 2013"]
[Source "ChessBase"]
[SourceDate "2012.11.22"]
[SourceVersion "1"]
[SourceVersionDate "2012.11.22"]
[SourceQuality "1"]

1. d4 Nf6 2. c4 e6 3. Nc3 Bb4 4. a3 Bxc3+ 5. bxc3 b6 6. Bg5 Bb7 7. f3 h6 8. Bh4 d6 9. e4 g5 10. Bf2 Nbd7 11. Bd3 e5 12. Ne2 Qe7 13. Ng3 0-0-0 14. Nf5 Qf8 15. Qa4 Kb8 16. Ke2 Nh5 17. Be3 Nf4+ 18. Bxf4 gxf4 19. Qc2 Qg8 20. g3 fxg3 21. hxg3 h5 22. Rh4 Qg5 23. Qd2 Rdg8 24. Qxg5 Rxg5 25. Rah1 Nf6 26. g4 Bc8 27. Ng3 Rhg8 28. Nxh5 Nxh5 29. Rxh5 Rxh5 30. Rxh5 Rxg4 31. Kf2 Rg7 32. dxe5 dxe5 33. Rxe5 Bh3 34. c5 Rg2+ 35. Ke3 Be6 36. f4 Kb7 37. cxb6 axb6 38. f5 Bb3 39. Rb5 Ba4 40. Rb4 Bc2 41. Bc4 Rg3+ 42. Kd4 c5+ 43. Ke5 cxb4 44. cxb4 Bb3 45. Bb5 Re3 46. Kf4 Re1 47. e5 Kc7 48. a4 Bd5 49. Bd3 Rd1 50. Bb5 Rb1 51. Kg5 Rxb4 52. Kf6 Kd8 53. Kg7 Ke7 54. e6 Rg4+ 0-1

[Event "Llinars del Valles op-B 6th"]
[Site "Llinars del Valles"]
[Date "2012.04.28"]
[Round "3"]
[White "Soler Colomer, Joan"]
[Black "Gonzalez Rodriguez, Damian"]
[Result "0-1"]
[WhiteElo "1586"]
[BlackElo "1741"]
[PlyCount "86"]
[EventDate "2012.04.14"]
[EventType "swiss"]
[EventRounds "9"]
[EventCountry "ESP"]
[SourceTitle "EXT 2013"]
[Source "ChessBase"]
[SourceDate "2012.11.22"]
[SourceVersion "1"]
[SourceVersionDate "2012.11.22"]
[SourceQuality "1"]

1. Nf3 d5 2. d4 Nf6 3. Nc3 e6 4. a3 Be7 5. Bg5 Nbd7 6. Bxf6 Nxf6 7. e3 0-0 8. Bd3 b6 9. 0-0 c5 10. Ne5 Bb7 11. Re1 c4 12. Bf1 Nd7 13. Nxd7 Qxd7 14. Qg4 b5 15. Ne2 f5 16. Qg3 Kh8 17. Qh3 Rf6 18. f4 Qc7 19. g3 Bc6 20. b4 a5 21. c3 Ra6 22. Reb1 Qa7 23. a4 axb4 24. cxb4 Rxa4 25. Rxa4 Qxa4 26. Qg2 Bxb4 27. Nc1 Rf8 28. Qb2 Ba3 29. Qd2 Ra8 30. Na2 Qa5 31. Qc2 b4 32. Bxc4 dxc4 33. Qxc4 Bd5 34. Qe2 Rc8 35. Qd2 Be4 36. Rb3 Rc2 37. Rxa3 Qxa3 38. Qxb4 Qxb4 39. Nxb4 Re2 40. Na6 Rxe3 41. Nc5 Bd5 42. Kf2 Ra3 43. h4 Rf3+ 0-1

[Event "Valles Oriental-ch prel"]
[Site "Llinars"]
[Date "2012.02.25"]
[Round "5.4"]
[White "Gonzalez Rodriguez, Damian"]
[Black "Sanchez Quesada, Francesco Xavier"]
[Result "1/2-1/2"]
[WhiteElo "1825"]
[BlackElo "1731"]
[PlyCount "120"]
[EventDate "2012.01.14"]
[EventType "swiss"]
[EventRounds "5"]
[EventCountry "ESP"]
[SourceTitle "EXT 2024"]
[Source "ChessBase"]
[SourceDate "2023.10.10"]
[SourceVersion "1"]
[SourceVersionDate "2023.10.10"]
[SourceQuality "1"]

1. d4 d5 2. c4 c5 3. e3 e6 4. Nf3 dxc4 5. Bxc4 cxd4 6. exd4 Nf6 7. 0-0 Be7 8. Nc3 0-0 9. Qd3 Nc6 10. a3 a6 11. Rd1 b5 12. Ba2 b4 13. Ne4 bxa3 14. bxa3 Rb8 15. Bb1 g6 16. Bh6 Re8 17. h3 Bb7 18. g4 Nxe4 19. Qxe4 Nb4 20. Qe2 Nd5 21. g5 Nc3 22. Qe5 Bf8 23. Rd3 Bxf3 24. Rxc3 Qd5 25. Bxf8 Rxf8 26. Qxd5 Bxd5 27. Bd3 a5 28. Rac1 Rb3 29. Rxb3 Bxb3 30. Rc5 a4 31. Bc4 Bxc4 32. Rxc4 Ra8 33. Kg2 Kg7 34. Kf3 h6 35. h4 hxg5 36. hxg5 Kf8 37. Ke4 Ke7 38. Rc7+ Ke8 39. Ke5 Rd8 40. Ra7 Rd5+ 41. Ke4 Rxg5 42. Rxa4 Rf5 43. f4 g5 44. fxg5 Rxg5 45. Ra6 Rg4+ 46. Ke5 Kf8 47. a4 Kg7 48. Ra7 Kg6 49. a5 f5 50. Ra8 Re4+ 51. Kd6 Rxd4+ 52. Kxe6 Re4+ 53. Kd6 f4 54. a6 f3 55. a7 Ra4 56. Rg8+ Kf5 57. a8Q Rxa8 58. Rxa8 Ke4 59. Kc5 f2 60. Rf8 Ke3 1/2-1/2

[Event "Valles Oriental-ch prel"]
[Site "Llinars"]
[Date "2012.01.21"]
[Round "2.3"]
[White "Lafuente Calvillo, Andrea"]
[Black "Gonzalez Rodriguez, Damian"]
[Result "1/2-1/2"]
[WhiteElo "1974"]
[BlackElo "1825"]
[PlyCount "120"]
[EventDate "2012.01.14"]
[EventType "swiss"]
[EventRounds "5"]
[EventCountry "ESP"]
[SourceTitle "EXT 2024"]
[Source "ChessBase"]
[SourceDate "2023.10.10"]
[SourceVersion "1"]
[SourceVersionDate "2023.10.10"]
[SourceQuality "1"]

1. e4 e6 2. d4 d5 3. Nd2 c5 4. exd5 exd5 5. dxc5 Bxc5 6. Nb3 Bb6 7. Nf3 Nf6 8. Bb5+ Bd7 9. Bxd7+ Qxd7 10. 0-0 0-0 11. Nfd4 Nc6 12. Bg5 Ne4 13. Bf4 Nc5 14. Nxc5 Bxc5 15. Nf3 Rfe8 16. Qd2 Rad8 17. a3 Bd6 18. Bxd6 Qxd6 19. Rad1 Ne5 20. Nxe5 Rxe5 21. Rfe1 h6 22. Qd4 Rxe1+ 23. Rxe1 b6 24. Rd1 Qc5 25. Qd3 Rc8 26. c3 Re8 27. g3 Rd8 28. Kg2 a5 29. b4 axb4 30. axb4 Qc6 31. Qd4 Rc8 32. Rd3 Rd8 33. f3 Qe6 34. Rd2 Qc6 35. c4 b5 36. cxd5 Qc4 37. Qxc4 bxc4 38. Rc2 Rxd5 39. Rxc4 Rd2+ 40. Kh3 Rb2 41. g4 g5 42. Kg3 Kg7 43. f4 Rb3+ 44. Kg2 Rb2+ 45. Kf3 Rxh2 46. fxg5 hxg5 47. Ke4 Rf2 48. Ke3 Rf1 49. b5 Rb1 50. Rc5 f6 51. Rc7+ Kf8 52. Rb7 Rb4 53. Kf3 Ke8 54. Kg3 Rb3+ 55. Kf2 Kd8 56. Rf7 Rxb5 57. Rxf6 Ke7 58. Rf3 Ke6 59. Re3+ Re5 60. Rf3 Ra5 1/2-1/2

[Event "Maresme op 8th"]
[Site "Maresme"]
[Date "2011.11.26"]
[Round "9"]
[White "Gonzalez Rodriguez, Damian"]
[Black "Llopis Jordan, Lluis"]
[Result "1-0"]
[WhiteElo "1735"]
[BlackElo "1811"]
[PlyCount "68"]
[EventDate "2011.09.24"]
[EventType "swiss"]
[EventRounds "9"]
[EventCountry "ESP"]
[SourceTitle "EXT 2013"]
[Source "ChessBase"]
[SourceDate "2012.11.22"]
[SourceVersion "1"]
[SourceVersionDate "2012.11.22"]
[SourceQuality "1"]

1. e4 c6 2. c4 d5 3. cxd5 cxd5 4. Bb5+ Bd7 5. Qa4 dxe4 6. Bxd7+ Qxd7 7. Qxe4 Nf6 8. Qe2 Nc6 9. Nf3 e6 10. Nc3 Bc5 11. a3 0-0 12. 0-0 Rad8 13. b4 Bb6 14. Bb2 Nd4 15. Nxd4 Bxd4 16. Rfd1 e5 17. h3 Qf5 18. d3 Rd7 19. Rab1 Rfd8 20. Na4 Bxb2 21. Nxb2 Nd5 22. Rbc1 Nf4 23. Qf3 Qg5 24. Rc3 f5 25. Re1 Re7 26. Rc5 Rde8 27. Nc4 Ng6 28. Nd6 Rf8 29. Qd5+ Kh8 30. Rc8 Rxc8 31. Nxc8 Rc7 32. Nd6 Nf4 33. Rxe5 Qg6 34. Nf7+ Qxf7 1-0

[Event "Maresme op 8th"]
[Site "Maresme"]
[Date "2011.10.01"]
[Round "2"]
[White "Gonzalez Rodriguez, Damian"]
[Black "Ten Gomez, Sergi"]
[Result "1-0"]
[WhiteElo "1735"]
[BlackElo "1845"]
[PlyCount "97"]
[EventDate "2011.09.24"]
[EventType "swiss"]
[EventRounds "9"]
[EventCountry "ESP"]
[SourceTitle "EXT 2013"]
[Source "ChessBase"]
[SourceDate "2012.11.22"]
[SourceVersion "1"]
[SourceVersionDate "2012.11.22"]
[SourceQuality "1"]

1. e4 e6 2. d4 d5 3. exd5 exd5 4. Nf3 Bd6 5. c4 dxc4 6. Bxc4 Nf6 7. 0-0 0-0 8. Nc3 Bg4 9. h3 Bh5 10. Be2 h6 11. Be3 Nc6 12. Qd2 Qd7 13. Rfe1 Rfe8 14. Nh4 Rxe3 15. Qxe3 Re8 16. Qd2 Bxe2 17. Rxe2 Rxe2 18. Nxe2 Bb4 19. Qd3 Qd5 20. Nf3 Bd6 21. Nc3 Qh5 22. Re1 g5 23. Qf5 Kg7 24. Ne4 Nxe4 25. Rxe4 Ne7 26. Rxe7 Bxe7 27. Qe5+ Bf6 28. Qxc7 Qg6 29. Ne5 Bxe5 30. Qxe5+ Qf6 31. Kf1 Qxe5 32. dxe5 f5 33. Ke2 Kf7 34. Ke3 Ke6 35. f4 Kd5 36. g4 Ke6 37. Kf3 b6 38. b3 a6 39. a3 a5 40. a4 gxf4 41. Kxf4 fxg4 42. hxg4 Ke7 43. Kf5 Kf7 44. e6+ Ke7 45. Ke5 Ke8 46. Kf6 Kf8 47. Kg6 Ke7 48. Kxh6 Kxe6 49. g5 1-0

[Event "Llinars del Valles op-B 5th"]
[Site "Llinars del Valles"]
[Date "2011.05.28"]
[Round "5"]
[White "Sanchez Quesada, Francesco Xavier"]
[Black "Gonzalez Rodriguez, Damian"]
[Result "0-1"]
[WhiteElo "1472"]
[BlackElo "1746"]
[PlyCount "70"]
[EventDate "2011.04.30"]
[EventType "swiss"]
[EventRounds "7"]
[EventCountry "ESP"]
[SourceTitle "EXT 2012"]
[Source "ChessBase"]
[SourceDate "2011.11.24"]
[SourceVersion "1"]
[SourceVersionDate "2011.11.24"]
[SourceQuality "1"]

1. e4 e5 2. Nf3 Nc6 3. d4 exd4 4. Nxd4 Bc5 5. Be3 Qf6 6. Nf5 Bxe3 7. Nxe3 Qxb2 8. Nd2 Nf6 9. Be2 0-0 10. 0-0 Qe5 11. Ng4 Nxg4 12. Bxg4 d6 13. Bxc8 Raxc8 14. Re1 Rfe8 15. Nf3 Qc5 16. Qd2 Ne5 17. Nxe5 Rxe5 18. Re3 Rce8 19. Rae1 Qa5 20. Qxa5 Rxa5 21. Rb3 b6 22. a3 Rc5 23. Re2 f5 24. f3 Rce5 25. Rb4 d5 26. f4 Rxe4 27. Rbxe4 Rxe4 28. Rxe4 fxe4 29. Kf2 Kf7 30. Ke3 c5 31. c3 b5 32. g4 a5 33. h4 b4 34. axb4 cxb4 35. cxb4 axb4 0-1